[Event "TCh-FRA Top 12 2016"]
[Site "Drancy FRA"]
[Date "2016.06.03"]
[Round "7.3"]
[Board "6"]
[White "Hamdouchi, Hicham"]
[Black "Le Hay, Thierry"]
[Result "1-0"]
[WhiteTitle "GM"]
[WhiteElo "2585"]
[BlackElo "2123"]
[WhiteTeam "CLICHY Echecs 92"]
[BlackTeam "Les Tours de Haute Picardie, SAINT QUENTIN"]
[WhiteFideId "9000011"]
[BlackFideId "639613"]
[EventDate "2016.05.28"]

1. Nf3 f5 2. d3 d6 3. e4 e5 4. Nc3 Nf6 5. exf5 Bxf5 6. d4 e4 7. Nh4 Qd7 8. Qe2
c6 9. Bg5 Be7 10. Bxf6 Bxf6 11. Nxf5 Qxf5 12. Qxe4+ Qxe4+ 13. Nxe4 O-O 14. Nxd6
Rd8 15. Ne4 Bxd4 16. Bc4+ Kf8 17. O-O-O b5 18. Ng5 Bxb2+ 19. Kxb2 Rxd1 20. Rxd1
bxc4 21. Ne6+ 1-0

[Event "TCh-FRA Top 12 2016"]
[Site "Drancy FRA"]
[Date "2016.06.03"]
[Round "7.3"]
[Board "7"]
[White "Leconte, Maria"]
[Black "Barbot, Pierre1"]
[Result "0-1"]
[WhiteTitle "WGM"]
[BlackTitle "IM"]
[WhiteElo "2217"]
[BlackElo "2429"]
[WhiteTeam "Les Tours de Haute Picardie, SAINT QUENTIN"]
[BlackTeam "CLICHY Echecs 92"]
[WhiteFideId "618446"]
[BlackFideId "663727"]
[EventDate "2016.05.28"]

1. e4 c5 2. Nf3 Nc6 3. d4 cxd4 4. Nxd4 Nf6 5. Nc3 d6 6. Bc4 Qb6 7. Nb3 e6 8. Bf4
Ne5 9. Be2 a6 10. Be3 Qc7 11. f4 Nc6 12. Bf3 b5 13. O-O Bb7 14. a3 Be7 15. Qe2
O-O 16. Rad1 Nd7 17. Qf2 Rab8 18. Kh1 Ba8 19. Qg3 Kh8 20. Qh3 b4 21. axb4 Nxb4
22. Nd4 Bf6 23. Nce2 Nc6 24. b3 Nxd4 25. Bxd4 Qxc2 26. Rc1 Qxb3 27. Rc7 Bxd4 28.
Rxd7 Bc5 29. f5 exf5 30. Qxf5 Qe6 31. Ng3 Rb7 32. Rxb7 Bxb7 33. Qg5 Qe5 34. Qh4
g6 35. Be2 Bc8 36. Bc4 Kg7 37. Ne2 Be3 38. Bd5 a5 39. Qe1 Bb6 40. Nf4 Be6 41.
Qb1 Bxd5 42. Nxd5 Bd4 43. Qb5 Qxe4 44. Qxa5 Be5 45. Qd2 Qh4 46. Nf4 Rb8 47. g3
Qg4 48. Qd5 Qd7 49. Qf3 Rb5 50. Rd1 Qb7 51. Nd5 Rb1 52. Kg2 Qb2+ 53. Kh3 Qb3 54.
Rd3 Qc4 55. Nf4 Rg1 56. Ne2 Qe6+ 57. g4 Rb1 58. Kg2 Rb2 59. Re3 Qf6 60. Qe4 Qf4
61. Qxf4 Bxf4 62. Re8 Be5 63. Kf3 Bxh2 64. Nd4 Be5 65. Nc6 Rb3+ 66. Kf2 Kf6 67.
Rh8 Rc3 68. Nd8 Ke7 69. Nb7 Bxh8 0-1

[Event "TCh-FRA Top 12 2016"]
[Site "Drancy FRA"]
[Date "2016.06.03"]
[Round "7.3"]
[Board "8"]
[White "Skripchenko, Almira"]
[Black "Waquet, Frederic"]
[Result "1-0"]
[WhiteTitle "IM"]
[WhiteElo "2453"]
[BlackElo "2019"]
[WhiteTeam "CLICHY Echecs 92"]
[BlackTeam "Les Tours de Haute Picardie, SAINT QUENTIN"]
[WhiteFideId "13900145"]
[BlackFideId "640719"]
[EventDate "2016.05.28"]

1. Nf3 Nf6 2. g3 c5 3. Bg2 Nc6 4. O-O e6 5. d3 d5 6. Nbd2 Be7 7. e4 b6 8. Re1
Bb7 9. c3 Qc7 10. Nf1 dxe4 11. dxe4 Rd8 12. Qe2 e5 13. Bg5 h6 14. Bxf6 Bxf6 15.
Ne3 Nb8 16. Qb5+ Bc6 17. Qc4 O-O 18. a4 Rfe8 19. h4 Bb7 20. Nd5 Qc6 21. Qe2 g6
22. h5 Kh7 23. Nh2 Bc8 24. Qf3 Bg7 25. Qxf7 Rf8 26. Qxa7 Be6 27. Ne7 Qd6 28.
hxg6+ Kh8 29. Nd5 Bxd5 30. exd5 Rd7 31. Qa8 Qxg6 32. a5 Qf7 33. axb6 Qxf2+ 34.
Kh1 Rdd8 35. Qa4 Qxg3 36. Qg4 Qf2 37. Re2 Qf6 38. Ra7 Rg8 39. Qe6 Qg5 40. Rf7
Qc1+ 41. Rf1 Qg5 42. Rf7 Qc1+ 43. Nf1 Qg5 44. Rf5 Qh4+ 45. Nh2 Nd7 46. Re4 Qg3
47. Rg4 Qe1+ 48. Rf1 Qe3 49. b7 Nb8 50. Be4 Rgf8 51. Qg6 Rxf1+ 52. Nxf1 1-0

[Event "TCh-FRA Top 12 2016"]
[Site "Drancy FRA"]
[Date "2016.06.03"]
[Round "7.4"]
[Board "2"]
[White "Rodshtein, Maxim"]
[Black "Palac, Mladen"]
[Result "1-0"]
[WhiteTitle "GM"]
[BlackTitle "GM"]
[WhiteElo "2689"]
[BlackElo "2577"]
[WhiteTeam "BISCHWILLER"]
[BlackTeam "NICE Alekhine"]
[WhiteFideId "2806851"]
[BlackFideId "14500116"]
[EventDate "2016.05.28"]

1. c4 Nf6 2. Nc3 e5 3. Nf3 Nc6 4. g3 d5 5. cxd5 Nxd5 6. Bg2 Nb6 7. O-O Be7 8. d3
O-O 9. a3 Re8 10. b4 Bf8 11. Nd2 a5 12. b5 Nd4 13. e3 Nf5 14. Qc2 Nd6 15. a4 Bf5
16. Nb3 Qc8 17. e4 Be6 18. Be3 Nd7 19. Rfc1 c5 20. bxc6 bxc6 21. Ne2 Qa6 22. Nc5
Nxc5 23. Bxc5 Rad8 24. Ra3 Nb7 25. Bxf8 Kxf8 26. Bf1 Qa7 27. Qxc6 Rc8 28. Qb5
Rxc1 29. Nxc1 Rc8 30. Ra1 Rc2 31. Ne2 Nc5 32. d4 Nb3 33. Rd1 exd4 34. Qe5 Qc5
35. Qxc5+ Nxc5 36. Nxd4 Ra2 37. Nxe6+ fxe6 38. f3 Rxa4 39. Rc1 Nd7 40. Bb5 Rd4
41. Rc8+ Ke7 42. Rc7 Kd8 43. Ra7 Rd2 44. Bxd7 Rxd7 45. Rxa5 Ke7 46. Rh5 h6 47.
Kf2 Kf6 48. Ke3 Ra7 49. Kf4 e5+ 50. Kg4 Ke6 51. Rf5 g6 52. Rf8 Ra2 53. h4 Rg2
54. h5 gxh5+ 55. Kh3 Rf2 56. Rf5 Kd6 57. f4 exf4 58. gxf4 Ke6 59. Kg3 Re2 60.
Kf3 Rh2 61. Ra5 Rh3+ 62. Kf2 Kf6 63. Ra6+ Kg7 64. f5 Rb3 65. Rg6+ Kh7 66. Rg1 h4
67. f6 h3 68. Rg7+ Kh8 69. Rg4 h2 70. Kg2 Rb2+ 71. Kh1 Rf2 72. e5 h5 73. Rg2 Rf5
74. Kxh2 Kh7 75. Re2 Kg8 76. e6 Kf8 77. e7+ Ke8 78. Re6 h4 79. Rd6 Kf7 80. Rd8 1-0

[Event "TCh-FRA Top 12 2016"]
[Site "Drancy FRA"]
[Date "2016.06.03"]
[Round "7.4"]
[Board "3"]
[White "Rambaldi, Francesco"]
[Black "Naiditsch, Arkadij"]
[Result "1/2-1/2"]
[WhiteTitle "GM"]
[BlackTitle "GM"]
[WhiteElo "2554"]
[BlackElo "2663"]
[WhiteTeam "NICE Alekhine"]
[BlackTeam "BISCHWILLER"]
[WhiteFideId "20657307"]
[BlackFideId "4650891"]
[EventDate "2016.05.28"]

1. e4 e5 2. Nf3 Nc6 3. Bb5 Nf6 4. O-O Nxe4 5. d4 Nd6 6. Bxc6 dxc6 7. dxe5 Nf5 8.
Qxd8+ Kxd8 9. h3 Ke8 10. Nc3 Be6 11. g4 Ne7 12. Nd4 Bd7 13. f4 h5 14. f5 hxg4
15. hxg4 Rh4 16. Rf4 Nd5 17. Nxd5 cxd5 18. Be3 c5 19. Nf3 Rh8 20. c3 Be7 21. g5
Bc6 22. Re1 g6 23. fxg6 fxg6 24. e6 Rd8 25. Ne5 d4 26. Nxc6 bxc6 27. cxd4 Rd5
28. dxc5 Rxg5+ 29. Kf2 Re5 30. Bd4 Rh2+ 31. Kg3 Rxe1 32. Kxh2 Rxe6 33. Kg3 g5
34. Rf3 Re4 35. Bf2 Re2 36. Rb3 Bf6 37. Be3 Kd7 38. Kf3 Rc2 39. Rb7+ Ke6 40. Ke4
Rc4+ 41. Kd3 Ra4 42. Rc7 Bxb2 43. Bxg5 Ra6 44. Ke4 Ra4+ 45. Kd3 Be5 46. Rxc6+
Kd5 47. Rc8 Ra3+ 48. Ke2 Rxa2+ 49. Kf3 a5 50. Be3 a4 51. Rd8+ Kc6 52. Ke4 Bc7
53. Rc8 Rb2 54. Ra8 Rb4+ 55. Bd4 Rc4 56. Ra7 Bd8 57. Kd3 Rb4 58. Kc3 Rb1 59. Kc4
Rc1+ 60. Bc3 Bh4 61. Rxa4 Be1 62. Ra6+ Kb7 63. Ra3 Kc6 64. Kd3 Rxc3+ 65. Rxc3
Bxc3 66. Kxc3 Kxc5 1/2-1/2

[Event "TCh-FRA Top 12 2016"]
[Site "Drancy FRA"]
[Date "2016.06.03"]
[Round "7.4"]
[Board "4"]
[White "Bacrot, Etienne"]
[Black "Barseghyan, Harutyun"]
[Result "1-0"]
[WhiteTitle "GM"]
[WhiteElo "2702"]
[BlackElo "2380"]
[WhiteTeam "BISCHWILLER"]
[BlackTeam "NICE Alekhine"]
[WhiteFideId "605506"]
[BlackFideId "13304585"]
[EventDate "2016.05.28"]

1. c4 e5 2. g3 Nf6 3. Bg2 d5 4. cxd5 Nxd5 5. Nc3 Nb6 6. Nf3 Nc6 7. a3 Be6 8. d3
Be7 9. O-O O-O 10. b4 Nd4 11. Bb2 Nxf3+ 12. Bxf3 c6 13. Ne4 f5 14. Nc5 Bxc5 15.
bxc5 Nd7 16. Rc1 Qa5 17. Qc2 Rac8 18. Bg2 b5 19. cxb6 axb6 20. Qb1 Qb5 21. f4
exf4 22. Rxf4 c5 23. a4 Qa6 24. Qa1 Rf7 25. g4 Rcf8 26. Rcf1 fxg4 27. Rxf7 Rxf7
28. Rxf7 Kxf7 29. Bxg7 Qc8 30. Bc3 Qg8 31. Qf1+ Ke7 32. Qf4 Bd5 33. Bxd5 Qxd5
34. Qxg4 h5 35. Qh4+ Kd6 36. Qf4+ Ke7 37. Kf2 Kd8 38. Kg3 Kc8 39. h3 Qb3 40. Qc4
Qd1 41. Qe4 Qc1 42. Qe8+ Kc7 43. Be5+ Nxe5 44. Qxe5+ Kb7 45. Qxh5 Qg1+ 46. Kf3
Qh1+ 47. Ke3 Ka6 48. Qg4 Ka5 49. h4 Qa1 50. Qc4 Qe5+ 51. Kd2 Qb2+ 52. Qc2 1-0

[Event "TCh-FRA Top 12 2016"]
[Site "Drancy FRA"]
[Date "2016.06.03"]
[Round "7.4"]
[Board "5"]
[White "Babault, Patrice"]
[Black "Schlosser, Philipp"]
[Result "1-0"]
[WhiteTitle "FM"]
[BlackTitle "GM"]
[WhiteElo "2412"]
[BlackElo "2539"]
[WhiteTeam "NICE Alekhine"]
[BlackTeam "BISCHWILLER"]
[WhiteFideId "623822"]
[BlackFideId "4600169"]
[EventDate "2016.05.28"]

1. e4 c5 2. Nf3 d6 3. d4 Nf6 4. Nc3 cxd4 5. Nxd4 a6 6. Be3 e6 7. f3 b5 8. Qd2
Nbd7 9. g4 Bb7 10. g5 Nh5 11. O-O-O Rc8 12. Kb1 g6 13. Nce2 d5 14. exd5 Bxd5 15.
Ng3 Nxg3 16. hxg3 Ne5 17. Nxb5 Bg7 18. Qb4 axb5 19. Bxb5+ Nc6 20. c4 Qd7 21. Qc5 1-0

[Event "TCh-FRA Top 12 2016"]
[Site "Drancy FRA"]
[Date "2016.06.03"]
[Round "7.4"]
[Board "6"]
[White "Pelletier, Yannick"]
[Black "Sulava, Nenad"]
[Result "1-0"]
[WhiteTitle "GM"]
[BlackTitle "GM"]
[WhiteElo "2558"]
[BlackElo "2416"]
[WhiteTeam "BISCHWILLER"]
[BlackTeam "NICE Alekhine"]
[WhiteFideId "1301837"]
[BlackFideId "14500205"]
[EventDate "2016.05.28"]

1. d4 d5 2. Nf3 Nf6 3. c4 dxc4 4. e3 e6 5. Bxc4 a6 6. O-O Nbd7 7. Re1 c5 8. e4
b5 9. Bd5 Ra7 10. Bc6 Bb7 11. Bxb7 Rxb7 12. d5 e5 13. a4 Bd6 14. b3 O-O 15. Bg5
Qb6 16. axb5 axb5 17. Nc3 Rc8 18. Nd2 Ne8 19. Qe2 Nc7 20. Be3 Ra8 21. Rxa8+ Nxa8
22. Ra1 Nc7 23. Qf1 Nb8 24. Na4 bxa4 25. Nc4 Qb4 26. Nxd6 Rb6 27. Nc4 Ra6 28.
bxa4 Nd7 29. a5 1-0

[Event "TCh-FRA Top 12 2016"]
[Site "Drancy FRA"]
[Date "2016.06.03"]
[Round "7.4"]
[Board "7"]
[White "Djalal, Boris"]
[Black "Le Roux, Jean-Pierre"]
[Result "0-1"]
[BlackTitle "GM"]
[WhiteElo "2224"]
[BlackElo "2549"]
[WhiteTeam "NICE Alekhine"]
[BlackTeam "BISCHWILLER"]
[WhiteFideId "623644"]
[BlackFideId "609404"]
[EventDate "2016.05.28"]

1. d4 Nf6 2. Bg5 d5 3. e3 c5 4. Bxf6 gxf6 5. dxc5 Nc6 6. a3 e6 7. c4 d4 8. exd4
Qxd4 9. Nc3 Bxc5 10. Qxd4 Bxd4 11. Nge2 Bb6 12. Na4 Bd8 13. O-O-O f5 14. f4 b6
15. g3 Na5 16. Bg2 Rb8 17. b4 Nxc4 18. Bc6+ Ke7 19. Rd3 Nd6 20. Rhd1 Ne4 21. Re3
Nf2 22. Rd2 Ng4 23. Red3 b5 24. Nc5 Bb6 25. Nd4 Bxc5 26. bxc5 Ba6 27. Bf3 Rbc8
28. Nc6+ Kf6 29. Rd7 b4 30. axb4 Bb5 31. R7d6 Bxc6 32. Rxc6 Rb8 33. Rb2 Ne3 34.
Rb3 Nf1 35. Ra6 Rhd8 36. Rb2 Ne3 37. Rxa7 Nc4 38. c6 Nxb2 39. c7 Nd3+ 40. Kd2
Nxb4+ 41. cxd8=Q+ Rxd8+ 42. Ke2 Kg6 43. Rc7 Na6 44. Rc6 Nb8 45. Rc7 Nd7 46. h3
h6 47. g4 fxg4 48. hxg4 Kg7 49. Kf2 Nf6 50. Rc5 Rd4 51. Ke3 Rb4 52. g5 hxg5 53.
Rxg5+ Kf8 54. Ra5 Nd7 55. Bc6 Nb6 56. Kf3 Rb3+ 57. Kg4 f5+ 58. Kg5 Ke7 59. Ra7+
Kd6 60. Ba8 Rg3+ 61. Kf6 Nd7+ 62. Kf7 Nc5 63. Ra1 Rd3 64. Rb1 Rd4 65. Rb6+ Kd7
66. Rc6 Rc4 67. Kg6 Rc3 68. Rb6 Ke7 69. Rb4 Rg3+ 70. Kh5 Kf6 71. Kh4 Rg4+ 72.
Kh3 Nd3 73. Ra4 Rxf4 74. Ra3 Rd4 75. Kg3 Nc5 76. Kf2 Ra4 77. Rxa4 Nxa4 78. Bc6
Nc5 79. Ke3 Ke5 80. Bg2 Nb3 81. Bb7 Nd4 82. Bg2 f4+ 83. Kd3 Nf5 84. Bb7 Ng3 85.
Bc8 Kf6 86. Bb7 e5 87. Bg2 Kf5 88. Bh3+ Kg5 89. Bg2 Kg4 0-1

[Event "TCh-FRA Top 12 2016"]
[Site "Drancy FRA"]
[Date "2016.06.03"]
[Round "7.4"]
[Board "8"]
[White "Maisuradze, Nino"]
[Black "Dubois, Martine"]
[Result "1-0"]
[WhiteTitle "WGM"]
[BlackTitle "WIM"]
[WhiteElo "2239"]
[BlackElo "1970"]
[WhiteTeam "BISCHWILLER"]
[BlackTeam "NICE Alekhine"]
[WhiteFideId "13601717"]
[BlackFideId "601926"]
[EventDate "2016.05.28"]

1. d4 d5 2. c4 dxc4 3. Nf3 Nf6 4. e3 e6 5. Bxc4 a6 6. O-O Nbd7 7. Nc3 b5 8. Bd3
c5 9. Bc2 Bb7 10. Qe2 b4 11. Na4 cxd4 12. exd4 Qa5 13. Re1 Rc8 14. Bb3 Nd5 15.
Ne5 Nxe5 16. Qxe5 Qd8 17. Bg5 Qc7 18. Bxd5 Qxe5 19. Rxe5 Bxd5 20. Nb6 f6 21.
Nxc8 fxe5 22. dxe5 h6 23. Be3 g5 24. Nb6 Bb7 25. Rc1 Rh7 26. f3 Rf7 27. b3 Be7
28. Bc5 Bd8 29. Nc4 Bc7 30. Bxb4 Bd5 31. Bd6 Bd8 32. h3 h5 33. Rc3 Rf4 34. Bc5
g4 35. Be3 Rf8 36. hxg4 hxg4 37. f4 Bh4 38. Nd6+ Kd7 39. Bb6 Bc6 40. Rd3 Bd5 41.
Be3 Be1 42. Ne4 Kc6 43. Nf6 Rd8 44. Bf2 Bb4 45. Nxg4 Rg8 46. Ne3 Be4 47. Rd4 1-0

[Event "TCh-FRA Top 12 2016"]
[Site "Drancy FRA"]
[Date "2016.06.03"]
[Round "7.5"]
[Board "1"]
[White "Salgado Lopez, Ivan"]
[Black "Mista, Aleksander"]
[Result "1/2-1/2"]
[WhiteTitle "GM"]
[BlackTitle "GM"]
[WhiteElo "2618"]
[BlackElo "2593"]
[WhiteTeam "L'Echiquier Chalonnais, CHALONS-EN-CHAMPAGNE"]
[BlackTeam "Echecs Club MONTPELLIER"]
[WhiteFideId "2257327"]
[BlackFideId "1110381"]
[EventDate "2016.05.28"]

1. e4 c5 2. Nf3 g6 3. d4 cxd4 4. Qxd4 Nf6 5. Nc3 Nc6 6. Qa4 d6 7. e5 dxe5 8.
Nxe5 Bd7 9. Nxd7 Qxd7 10. Be3 Bg7 11. Be2 O-O 12. O-O e6 13. Rad1 Qe7 14. Qh4
Nd5 15. Qxe7 Ncxe7 16. Nxd5 Nxd5 17. Bc1 Rfd8 18. c3 Rac8 19. g3 f5 20. Rd3 Bf6
21. Rfd1 Kf7 22. Bf3 Rc5 23. h4 Rd6 24. Kf1 Be5 25. a3 Ke7 26. Bd2 Kd7 27. Be1
Kc7 28. Ke2 b5 29. Bg2 f4 30. Bf3 Nb6 31. Rc1 Bf6 32. Rxd6 Kxd6 33. b3 a5 34.
Bd2 fxg3 35. fxg3 a4 36. Bf4+ Ke7 37. Be3 Re5 38. Kd3 Nd7 39. b4 g5 40. Bd4 gxh4
41. Bxe5 Nxe5+ 42. Ke4 hxg3 43. Be2 Nc4 44. Bxc4 bxc4 45. Kf3 Be5 46. Rd1 Bxc3
47. b5 Ba5 48. Rd4 c3 49. Rxa4 Kf6 50. Rc4 Ke5 51. b6 Bxb6 52. Rxc3 Bf2 53. a4
Kd4 54. Rc1 e5 55. a5 e4+ 56. Kg2 Ke5 57. a6 h5 58. Ra1 Ba7 59. Kxg3 h4+ 60.
Kxh4 e3 61. Kg3 Ke4 62. Ra4+ Kd5 63. Kf3 Kc5 64. Ra2 Kb5 65. Ke2 Kb6 66. Kxe3
Bb8 67. Kd4 Ka7 68. Kc5 Ka8 69. Re2 Ba7+ 70. Kc6 Bg1 71. Re7 Bf2 72. Rf7 Bd4 73.
Rf8+ Ka7 74. Kd5 Bg1 75. Rf1 Be3 76. Kc6 Bd4 77. Rf7+ Ka8 78. Kd5 Bg1 79. Rf8+
Ka7 80. Rf3 Ka8 81. Kc4 Ka7 82. Rf7+ Ka8 83. Kb5 Be3 84. Kc6 Bg1 85. a7 Bxa7 86.
Rf8+ Bb8 87. Kd7 Kb7 88. Rf1 Ba7 89. Rb1+ Ka8 90. Kc6 Bb8 91. Kb6 Ba7+ 92. Kc7
Be3 93. Rb8+ Ka7 94. Rb3 Bf4+ 95. Kc6 Ka8 96. Kb6 Bh2 97. Rb1 Be5 98. Rd1 Bg3
99. Rd2 Bf4 100. Re2 Bg3 101. Ra2+ Kb8 102. Rg2 Bc7+ 103. Kc6 Bf4 104. Rf2 Be3
105. Rf1 Bd4 106. Rf4 Bg1 107. Rb4+ Ka8 108. Rb2 Bd4 109. Ra2+ Ba7 110. Kc7 1/2-1/2

[Event "TCh-FRA Top 12 2016"]
[Site "Drancy FRA"]
[Date "2016.06.03"]
[Round "7.5"]
[Board "3"]
[White "Krasenkow, Michal"]
[Black "Smith, Axel"]
[Result "1-0"]
[WhiteTitle "GM"]
[BlackTitle "GM"]
[WhiteElo "2610"]
[BlackElo "2499"]
[WhiteTeam "L'Echiquier Chalonnais, CHALONS-EN-CHAMPAGNE"]
[BlackTeam "Echecs Club MONTPELLIER"]
[WhiteFideId "1113100"]
[BlackFideId "1707930"]
[EventDate "2016.05.28"]

1. d4 Nf6 2. c4 e6 3. Nf3 d5 4. Bg5 dxc4 5. Qa4+ Nbd7 6. e4 a6 7. Bxc4 Rb8 8.
Be2 b5 9. Qc2 c5 10. dxc5 Bxc5 11. e5 h6 12. exf6 hxg5 13. fxg7 Rg8 14. Nc3 Rxg7
15. O-O-O g4 16. Nd2 Bb7 17. Kb1 Rc8 18. Nde4 Be7 19. a3 Qc7 20. Qd2 Nf6 21. Bd3
Nxe4 22. Nxe4 Rd8 23. Qh6 Rg8 24. Nf6+ Bxf6 25. Qxf6 Bxg2 26. Rhe1 Bd5 27. Bh7
Rf8 28. Rd4 Qe7 29. Qg7 Bf3 30. Rc1 e5 31. Rxd8+ Kxd8 32. Bf5 Bb7 33. Rd1+ Ke8
34. Bd7+ Kd8 35. Bxg4+ Ke8 36. Bd7+ Kd8 37. Bf5+ Ke8 38. h4 b4 39. axb4 Bc6 40.
h5 Ba4 41. Rd5 Bb3 42. Rd7 Qxb4 43. Qxe5+ Be6 44. Bxe6 fxe6 45. Qxe6+ 1-0

[Event "TCh-FRA Top 12 2016"]
[Site "Drancy FRA"]
[Date "2016.06.03"]
[Round "7.5"]
[Board "4"]
[White "Flear, Glenn C"]
[Black "Anic, Darko"]
[Result "1-0"]
[WhiteTitle "GM"]
[BlackTitle "GM"]
[WhiteElo "2452"]
[BlackElo "2381"]
[WhiteTeam "Echecs Club MONTPELLIER"]
[BlackTeam "L'Echiquier Chalonnais, CHALONS-EN-CHAMPAGNE"]
[WhiteFideId "400165"]
[BlackFideId "602612"]
[EventDate "2016.05.28"]

1. d4 Nf6 2. c4 d6 3. Nc3 c6 4. Nf3 Bg4 5. e3 Nbd7 6. Be2 e5 7. O-O Be7 8. h3
Bh5 9. b3 O-O 10. g4 Bg6 11. Bb2 Re8 12. Nh4 Bf8 13. Nxg6 hxg6 14. dxe5 Rxe5 15.
Bf3 Nh7 16. Ne4 Re6 17. Bg2 Qh4 18. Qf3 Rae8 19. Qg3 Qd8 20. Nc3 g5 21. Rad1 Qa5
22. Rfe1 Nc5 23. Qf3 Qb4 24. Qe2 a5 25. Nb1 Nf6 26. Bc3 Qb6 27. Nd2 Nfd7 28. Nf3
Ne4 29. Ba1 Rh6 30. Nd4 g6 31. Qc2 Nec5 32. Bc3 Bg7 33. a3 Nf6 34. Rb1 Nce4 35.
Ba1 Qd8 36. b4 axb4 37. axb4 d5 38. cxd5 cxd5 39. Rec1 Qa8 40. Bb2 Nd6 41. Ra1
Qb8 42. Qc7 Nc4 43. Qxb8 Rxb8 44. Bc3 Rh8 45. Nb5 Kh7 46. Nc7 Rhd8 47. Nxd5 Nxd5
48. Bxd5 Rxd5 49. Bxg7 Kxg7 50. Rxc4 Rbd8 51. Rac1 Rb5 52. Re4 Rd6 53. Rc7 Rf6
54. Kg2 b6 55. Rd4 Re5 56. e4 Rb5 57. f3 Re6 58. Kf2 Re8 59. Ke3 Ra8 60. Rdd7
Rf8 61. Rc4 Ra8 62. Rd5 Ra3+ 63. Ke2 Rxd5 64. exd5 Kf6 65. Re4 b5 66. Re8 Ra7
67. Rb8 Ke5 68. Rxb5 Kd4 69. d6 f6 70. Ra5 Rb7 71. Ra2 Rd7 72. Rc2 Ke5 1-0

[Event "TCh-FRA Top 12 2016"]
[Site "Drancy FRA"]
[Date "2016.06.03"]
[Round "7.5"]
[Board "5"]
[White "Velten, Paul"]
[Black "Libiszewski, Fabien"]
[Result "1/2-1/2"]
[WhiteTitle "IM"]
[BlackTitle "GM"]
[WhiteElo "2469"]
[BlackElo "2533"]
[WhiteTeam "L'Echiquier Chalonnais, CHALONS-EN-CHAMPAGNE"]
[BlackTeam "Echecs Club MONTPELLIER"]
[WhiteFideId "681091"]
[BlackFideId "616834"]
[EventDate "2016.05.28"]

1. d4 d5 2. c4 e6 3. g3 Nf6 4. Nf3 dxc4 5. Bg2 Nc6 6. O-O Rb8 7. Be3 Be7 8. Nbd2
b5 9. a4 a6 10. axb5 axb5 11. Ne5 Nxe5 12. dxe5 Nd5 13. Ba7 Ra8 14. Ne4 O-O 15.
b3 c3 16. Nxc3 1/2-1/2

[Event "TCh-FRA Top 12 2016"]
[Site "Drancy FRA"]
[Date "2016.06.03"]
[Round "7.5"]
[Board "6"]
[White "Brochet, Philippe"]
[Black "Letreguilly, Olivier"]
[Result "1-0"]
[WhiteTitle "IM"]
[BlackTitle "FM"]
[WhiteElo "2379"]
[BlackElo "2306"]
[WhiteTeam "Echecs Club MONTPELLIER"]
[BlackTeam "L'Echiquier Chalonnais, CHALONS-EN-CHAMPAGNE"]
[WhiteFideId "602469"]
[BlackFideId "600997"]
[EventDate "2016.05.28"]

1. e4 c5 2. Nc3 Nc6 3. Bb5 g6 4. Bxc6 dxc6 5. d3 Bg7 6. Be3 b6 7. Qd2 Nf6 8. Bh6
O-O 9. O-O-O e5 10. h4 a5 11. f3 Ra7 12. g4 Ne8 13. h5 f5 14. hxg6 fxg4 15.
gxh7+ Kh8 16. fxg4 Bxg4 17. Nge2 Raf7 18. Rdg1 Qd7 19. b3 b5 20. Be3 Bf3 21. Rh2
Qd6 22. Ng3 c4 23. dxc4 Qa3+ 24. Kb1 Nf6 25. cxb5 Ng4 26. Na4 Nxe3 27. Qxe3 Bg4
28. Qc5 Qxc5 29. Nxc5 cxb5 30. Rh4 Bc8 31. Nh5 Bh6 32. Nd3 Be3 33. Re1 Bd4 34.
Ng3 b4 35. Ne2 Rxh7 36. Rxh7+ Kxh7 37. Rh1+ Kg6 38. Nxd4 exd4 39. Ne5+ Kf6 40.
Rf1+ Kg7 41. Rxf8 Kxf8 42. Nc4 Bb7 43. e5 Be4 44. Nxa5 Ke7 45. Kc1 Ke6 46. Kd2
Kxe5 47. Nc4+ Kd5 48. Nb2 Kc5 49. Nd3+ Kb5 50. Ke2 Bg6 51. Kf3 Bh5+ 52. Ke4 Bd1
53. Ne1 Kc5 54. Ke5 Be2 55. Nd3+ Kb5 56. Kxd4 Bd1 57. c4+ bxc3 58. Kxc3 Bf3 59.
Ne5 Bd1 60. a4+ Ka6 61. Kb4 Be2 62. Kc5 Bd1 63. Kc4 Be2+ 64. Nd3 Ka5 65. Kc3 Bh5
66. Ne5 Be8 67. Nc4+ Ka6 68. Kd4 Bh5 69. b4 Be8 70. Nb2 Kb6 71. Kc3 Ka6 72. Kb3
Bf7+ 73. Nc4 Be8 74. Nd6 Bh5 75. b5+ Ka7 76. Kb4 Bf3 77. Kc5 Bd1 78. a5 Bf3 79.
Nc8+ Kb8 80. Ne7 Bg4 81. Kb6 Be2 82. Nd5 1-0

[Event "TCh-FRA Top 12 2016"]
[Site "Drancy FRA"]
[Date "2016.06.03"]
[Round "7.5"]
[Board "7"]
[White "Favarel, Antoine"]
[Black "Touzane, Olivier"]
[Result "1/2-1/2"]
[WhiteTitle "FM"]
[BlackTitle "IM"]
[WhiteElo "2348"]
[BlackElo "2308"]
[WhiteTeam "L'Echiquier Chalonnais, CHALONS-EN-CHAMPAGNE"]
[BlackTeam "Echecs Club MONTPELLIER"]
[WhiteFideId "642371"]
[BlackFideId "602906"]
[EventDate "2016.05.28"]

1. d4 Nf6 2. c4 g6 3. g3 Bg7 4. Bg2 O-O 5. Nc3 d6 6. Nf3 Nc6 7. O-O e5 8. d5 Nb8
9. e4 a5 10. Ne1 Na6 11. Nd3 c6 12. h3 cxd5 13. cxd5 Bd7 14. a4 Nb4 15. Be3 Qc8
16. Rc1 Nxd3 17. Qxd3 Bxh3 18. Nb5 Qg4 19. Nxd6 Rfd8 20. Bc5 b6 21. Ba3 Bf8 22.
Rc6 Bxd6 23. Bxd6 Bxg2 24. Kxg2 Nxe4 25. Bxe5 Nc5 26. Qd4 Qxd4 27. Bxd4 Rxd5 1/2-1/2

[Event "TCh-FRA Top 12 2016"]
[Site "Drancy FRA"]
[Date "2016.06.03"]
[Round "7.5"]
[Board "8"]
[White "Haussernot, Cecile"]
[Black "De Seroux, Camille"]
[Result "1-0"]
[WhiteTitle "WFM"]
[BlackTitle "WFM"]
[WhiteElo "2087"]
[BlackElo "2085"]
[WhiteTeam "Echecs Club MONTPELLIER"]
[BlackTeam "L'Echiquier Chalonnais, CHALONS-EN-CHAMPAGNE"]
[WhiteFideId "601632"]
[BlackFideId "1305620"]
[EventDate "2016.05.28"]

1. e4 c5 2. Nc3 Nc6 3. f4 g6 4. Nf3 Bg7 5. g3 d6 6. Bg2 e6 7. d3 Nge7 8. O-O O-O
9. Be3 b6 10. Qd2 d5 11. exd5 exd5 12. Bf2 d4 13. Ne2 Be6 14. h3 f5 15. Rfe1 Qd6
16. Kh2 Rad8 17. Neg1 Bd5 18. Re2 h6 19. Rae1 Rd7 20. Nh4 Bf7 21. Ngf3 Nd5 22.
Ne5 Nxe5 23. fxe5 Qe6 24. c4 Ne7 25. g4 fxg4 26. hxg4 g5 27. Nf5 Nxf5 28. Bd5
Rxd5 29. cxd5 Qxd5 30. gxf5 Bh5 31. f6 Bxe2 32. Qxe2 Bh8 33. Qh5 Rf7 34. Qg6+
Bg7 35. Bg3 Qe6 36. b3 b5 37. Re4 c4 38. Rxd4 Qb6 39. Rd6 Qb8 40. dxc4 bxc4 41.
fxg7 c3 42. Qd3 Qb4 43. e6 Rf6 44. Rd8+ Kxg7 45. Rd7+ 1-0

[Event "TCh-FRA Top 12 2016"]
[Site "Drancy FRA"]
[Date "2016.06.03"]
[Round "7.6"]
[Board "1"]
[White "Baklan, Vladimir"]
[Black "Fedorchuk, Sergey A."]
[Result "1/2-1/2"]
[WhiteTitle "GM"]
[BlackTitle "GM"]
[WhiteElo "2614"]
[BlackElo "2626"]
[WhiteTeam "C.E. STRASBOURG"]
[BlackTeam "EVRY Grand Roque"]
[WhiteFideId "14102196"]
[BlackFideId "14102536"]
[EventDate "2016.05.28"]

1. e4 e5 2. Nf3 Nc6 3. Bb5 Nf6 4. O-O Nxe4 5. Re1 Nd6 6. Nxe5 Be7 7. Bf1 Nf5 8.
Nf3 d5 9. d4 O-O 10. g3 Be6 11. c3 Re8 12. Nbd2 Qd7 13. b4 1/2-1/2